Normal view
MARC view
Entry Personal Name
001 - CONTROL NUMBER
- control field: 73774
003 - CONTROL NUMBER IDENTIFIER
- control field: dpl
005 - DATE AND TIME OF LATEST TRANSACTION
- control field: 20241107112812.0
008 - FIXED-LENGTH DATA ELEMENTS
- fixed length control field: 241107|| aca||aabn | a|a d
040 ## - CATALOGING SOURCE
- Original cataloging agency: dpl
- Transcribing agency: dpl
100 ## - HEADING--PERSONAL NAME
- Personal name: Wallace, James
670 ## - SOURCE DATA FOUND
- Source citation: Work cat.: (dpl)206918: Wallace, James, Brahman->E=MC2/, 2022
